• 首页
  • 本馆介绍
  • 公告通知
  • 最新文献
  • 馆藏检索
  • 电子资源
  • 读者导购
  • 参考咨询
  • 我的图书馆
  • 登录
  • 详细信息显示
  • 放入我的书架
  • 预约/预借图书
  • 作者相关作品
  • 分类相关作品
  • 丛书相关作品
  • 出版社相关作品

书目信息

  • 表格格式
  • 工作单格式
  • 卡片格式
题名:
热障涂层新材料和新结构
    
 
作者: 曹学强 著
分册:  
出版信息: 北京   科学出版社  2016
页数: 643页, [2] 页图版
开本: 25cm
丛书名: 材料科学技术著作丛书
单 册:
中图分类: TB43
科图分类:
主题词: 高温无机涂层--gao wen wu ji tu ceng--研究
电子资源:
ISBN: 978-7-03-046077-6
000 01392nam 2200277 450
001 1661251685
005 20161104142154.00
010    @a978-7-03-046077-6@b精装@dCNY160.00
100    @a20151204d2016 em y0chiy0121 ea
101 0  @achi
102    @aCN@b110000
105    @aafk a 001yy
106    @ar
200 1  @a热障涂层新材料和新结构@Are zhang tu ceng xin cai liao he xin jie gou@f曹学强著
210    @a北京@c科学出版社@d2016
215    @a643页, [2] 页图版@c图 (部分彩图)@d25cm
225 2  @a材料科学技术著作丛书@Acai liao ke xue ji shu zhu zuo cong shu
300    @a“十二五”国家重点图书出版规划项目
320    @a有书目和索引
330    @a热障涂层利用陶瓷的隔热和抗腐蚀的特点来保护金属材料, 不仅可以提高油料的燃烧效率, 而且可以极大地延长发动机的寿命, 在航空、航天、海面船舶、大型火力发电和汽车动力等方面都有重要的应用价值, 是现代国防尖端技术领域中最重要的技术之一。本书讨论了经典的热障涂层材料YSZ的性质和制备方法, 还从材料化学的角度对热障涂层材料的设计、选择和改性提出新的思想, 侧重介绍了热障涂层材料的发展方向和最新的研究成果, 基本反应了国内外在热障涂层新材料方面的科学前沿和热点。稀土氧化物双陶瓷层是未来发展使用温度超过1523K的热障涂层的最佳途径之一。
410  0 @12001 @a材料科学技术著作丛书
606 0  @a高温无机涂层@Agao wen wu ji tu ceng@x研究
690    @aTB43@v5
701  0 @a曹学强@Acao xue jiang@4著
801  0 @aCN@b湖北三新@c20160127
905    @aBZT@dTB43@e3
    
    热障涂层新材料和新结构/曹学强著.-北京:科学出版社,2016
    643页, [2] 页图版:图 (部分彩图);25cm.-(材料科学技术著作丛书)
    “十二五”国家重点图书出版规划项目
    
    ISBN 978-7-03-046077-6(精装):CNY160.00
    热障涂层利用陶瓷的隔热和抗腐蚀的特点来保护金属材料, 不仅可以提高油料的燃烧效率, 而且可以极大地延长发动机的寿命, 在航空、航天、海面船舶、大型火力发电和汽车动力等方面都有重要的应用价值, 是现代国防尖端技术领域中最重要的技术之一。本书讨论了经典的热障涂层材料YSZ的性质和制备方法, 还从材料化学的角度对热障涂层材料的设计、选择和改性提出新的思想, 侧重介绍了热障涂层材料的发展方向和最新的研究成果, 基本反应了国内外在热障涂层新材料方面的科学前沿和热点。稀土氧化物双陶瓷层是未来发展使用温度超过1523K的热障涂层的最佳途径之一。
●
相关链接 在五车中查询图书 在当当中查询图书 在豆瓣中查询图书


正题名:热障涂层新材料和新结构     索取号:TB43/3         预约/预借

序号 登录号 条形码 馆藏地/架位号 状态 备注
1 802751   2000802751   第二书库/ [索取号:TB43/3] 在馆    
2 802752   2000802752   第二书库/ [索取号:TB43/3] 在馆    
3 802753   2000802753   第二书库/ [索取号:TB43/3] 在馆    
山东省滨州职业学院图书馆 欢迎您!
大连网信软件有限公司© 版权所有